|
|
|
|
| LEADER |
00887nab#a2200313#ar4500 |
| 001 |
000124630 |
| 003 |
SVKKK |
| 005 |
20181205133912.0 |
| 008 |
130826c2018 xo |||||||||||||||b|slo |
| FMT |
|
|
|
| 015 |
|
|
|a SNBRB2018/12
|
| 038 |
|
|
|a SVKKK
|
| 040 |
|
|
|a SVKKK
|b slo
|e AACR2
|
| 041 |
0 |
|
|a slo
|
| 044 |
|
|
|a xo
|c SK
|
| 080 |
|
|
|a 796.5
|x (234.372.4)
|x (437.6)
|2 2011
|
| 100 |
1 |
|
|a Poláková, Viera
|4 aut
|4 pht
|
| 245 |
1 |
0 |
|a V Kremnických vrchoch
|c Viera Poláková
|
| 300 |
|
|
|b Fotogr.
|
| 650 |
0 |
4 |
|a horská turistika
|x turistické trasy
|z Kremnické vrchy (Slovensko)
|
| 651 |
|
4 |
|a Kremnické vrchy (Slovensko)
|
| 773 |
0 |
|
|t Krásy Slovenska
|g Roč. 95, č. 9-10 (2018), s. 32-35
|x 0323-0643
|
| 974 |
|
|
|a MI
|
| 992 |
|
|
|a RBX
|
| BAS |
|
|
|
| 852 |
|
|
|a SVKKK
|b BIB
|
| 856 |
4 |
1 |
|u http://www.krasy-slovenska.eu/articles/view/2195/V%20Kremnick%C3%BDch%20vrchoch
|
| EXP |
|
|
|
| 998 |
|
|
|a SLO
|